000 00753nam a2200277 4500
003 OSt
005 20260601193838.0
008 260420b2006 gw a|||| |||| 00| 0 spa d
020 _a978 3 8228 4056 6
040 _aICI
_bspa
_cICI
050 _aHF5548
_bW43 2006
100 1 _aWiedemann Julius
245 1 _aWeb design :
_be-commerce /
260 _aKöln ;
_bTaschen,
_c2006
264 _bTaschen,
300 _a191 páginas
_bilustraciones
_c20 cm.
336 _atexto
_2rdacontent
337 _asin medio
_2rdamedia
338 _avolumen
_2rdacarrier
650 _aElectronic commerce
650 _aComercio electrónico
650 _aWeb sites
_xDesign
650 _aSitios Web -
_xDiseño
700 _aWiedemann, Julius
942 _2lcc
_cB
999 _c21324
_d21324